000 00461 a2200133 4500
001 87760
082 _aPR 137
090 _c41219
_d41219
100 _aDaniyal Saeed, Plt Off 15228; M Fahad, Plt Off 15342
245 _aTo design a vertical combustion chamber for measuring maximum adiabatic combustion temperature for liquid and gaseous fuels
260 _aRisalpur
_bNUST Risalpur
_c2010
300 _a72p.
_eEubaid John, Wg Cdr
500 _aBE Project Reports
942 _aCAE NUST
_kPR 137
999 _c322833
_d322833